000 00338cam a22001217a 4500
008 180718b2000 xxu||||| |||| 00| 0 eng d
082 _aL2 As74
245 _aAssessment of partnership firms 1999
260 _aDelhi
_bDirectorate of Income Tax
_c2000
300 _a33p.
440 _aTax payers information series; 15
650 _aTatxation
999 _c401374
_d401374